| 000 | 00671nam a2200265Ia 4500 | ||
|---|---|---|---|
| 001 | Para_7131 | ||
| 003 | CHAP | ||
| 008 | 220125s1900 xx 000 0 und d | ||
| 010 | _a206017 | ||
| 040 | _cCHAP | ||
| 082 | _aPA 634 S3 1900 | ||
| 100 |
_aSaunders, William _9102757 |
||
| 245 |
_aInsects injurious to fruits / _c by William Saunders |
||
| 250 | _a2 | ||
| 260 |
_aPhiladelphia : _b J.B. Lippincott |
||
| 300 | _a436 p. | ||
| 650 |
_aFruta _x plagas _943646 |
||
| 901 | _aPA 634 S3 1900 | ||
| 902 | _aA | ||
| 905 | _a0000001900 a 0000000000 00 | ||
| 910 | _a1900 | ||
| 942 | _cPARA | ||
| 942 |
_cPARA _d1 |
||
| 999 |
_c206017 _d206017 |
||